<?xml version="1.0" encoding="UTF-8"?>
<collection xmlns="http://www.loc.gov/MARC21/slim">
 <record>
  <leader>01568nam a2200301 a 4500</leader>
  <controlfield tag="001">17533</controlfield>
  <controlfield tag="003">BD-DhAAL</controlfield>
  <controlfield tag="008">060315s2004    ncua     b    001 0 eng d</controlfield>
  <datafield tag="010" ind1=" " ind2=" ">
   <subfield code="a">\\2006355126</subfield>
  </datafield>
  <datafield tag="020" ind1=" " ind2=" ">
   <subfield code="a">1891121286</subfield>
  </datafield>
  <datafield tag="020" ind1=" " ind2=" ">
   <subfield code="a">1891121340</subfield>
  </datafield>
  <datafield tag="040" ind1=" " ind2=" ">
   <subfield code="a">XRL</subfield>
   <subfield code="c">XRL</subfield>
   <subfield code="d">JRZ</subfield>
   <subfield code="d">OCL</subfield>
   <subfield code="d">BAKER</subfield>
   <subfield code="d">DLC</subfield>
   <subfield code="d">BD-DhAAL</subfield>
  </datafield>
  <datafield tag="082" ind1="0" ind2="4">
   <subfield code="a">621.3848</subfield>
   <subfield code="2">22</subfield>
  </datafield>
  <datafield tag="100" ind1="1" ind2=" ">
   <subfield code="a">Toomay, J. C.</subfield>
   <subfield code="q">(John C.),</subfield>
   <subfield code="d">1922-</subfield>
   <subfield code="9">26473</subfield>
  </datafield>
  <datafield tag="245" ind1="1" ind2="0">
   <subfield code="a">Radar principles for the non-specialist /</subfield>
   <subfield code="c">J.C. Toomay, Paul J. Hannen.</subfield>
  </datafield>
  <datafield tag="250" ind1=" " ind2=" ">
   <subfield code="a">Thied edition.</subfield>
  </datafield>
  <datafield tag="260" ind1=" " ind2=" ">
   <subfield code="a">Raleigh, NC :</subfield>
   <subfield code="b">SciTech Pub.,</subfield>
   <subfield code="c">c2004.</subfield>
  </datafield>
  <datafield tag="300" ind1=" " ind2=" ">
   <subfield code="a">xxv, 267 pages :</subfield>
   <subfield code="b">illustrations ;</subfield>
   <subfield code="c">24 cm</subfield>
  </datafield>
  <datafield tag="504" ind1=" " ind2=" ">
   <subfield code="a">Includes bibliographical references and index.</subfield>
  </datafield>
  <datafield tag="505" ind1="0" ind2=" ">
   <subfield code="a">Elementary electromagnetics and the radar range equation -- Antennas -- Detection and tracking -- Radar cross section -- Waveforms and signal processing -- Electronic countermeasures (ECM) -- Systems applications -- Loose ends of radar lore -- Radar potentials and limitations.</subfield>
  </datafield>
  <datafield tag="526" ind1=" " ind2=" ">
   <subfield code="a">MNS</subfield>
   <subfield code="x">Mahabobe Shobahani
Faculty Member of BRAC University
Course Name : Radar Engineering (APE 406)</subfield>
  </datafield>
  <datafield tag="541" ind1="1" ind2=" ">
   <subfield code="e">17533</subfield>
   <subfield code="a">Blackwell Book Services</subfield>
  </datafield>
  <datafield tag="650" ind1=" " ind2="0">
   <subfield code="a">Radar.</subfield>
   <subfield code="9">26474</subfield>
  </datafield>
  <datafield tag="700" ind1="1" ind2=" ">
   <subfield code="a">Hannen, Paul J.</subfield>
   <subfield code="9">26475</subfield>
  </datafield>
  <datafield tag="852" ind1="4" ind2=" ">
   <subfield code="a">Ayesha Abed Library</subfield>
   <subfield code="c">General stacks</subfield>
  </datafield>
  <datafield tag="942" ind1=" " ind2=" ">
   <subfield code="2">ddc</subfield>
   <subfield code="c">BK</subfield>
  </datafield>
  <datafield tag="999" ind1=" " ind2=" ">
   <subfield code="c">548</subfield>
   <subfield code="d">548</subfield>
  </datafield>
  <datafield tag="952" ind1=" " ind2=" ">
   <subfield code="0">0</subfield>
   <subfield code="1">0</subfield>
   <subfield code="2">ddc</subfield>
   <subfield code="4">0</subfield>
   <subfield code="6">621_384800000000000_TOO_2004</subfield>
   <subfield code="7">0</subfield>
   <subfield code="8">NFIC</subfield>
   <subfield code="9">498</subfield>
   <subfield code="a">BRACUL</subfield>
   <subfield code="b">BRACUL</subfield>
   <subfield code="c">GEN</subfield>
   <subfield code="d">2009-05-11</subfield>
   <subfield code="e">Blackwell Book Services</subfield>
   <subfield code="l">1</subfield>
   <subfield code="m">14</subfield>
   <subfield code="o">621.3848 TOO</subfield>
   <subfield code="p">3010017533</subfield>
   <subfield code="r">2020-01-11</subfield>
   <subfield code="s">2019-09-25</subfield>
   <subfield code="t">1</subfield>
   <subfield code="w">2009-05-11</subfield>
   <subfield code="y">BK</subfield>
   <subfield code="x">Requisitioned by Mahabobe Shobahani for the course named- &quot;Radar Engineering (APE 406)&quot; ; £28.09</subfield>
  </datafield>
 </record>
</collection>
